000 00604nam a22001937a 4500
003 OSt
005 20140310182339.0
008 130926t xxu||||| |||| 00| 0 eng d
050 _aRA 790.5
_b.L733 1969
082 _aGS 372.37
_bL63 1969
100 _aLimbacher, Walter J.
_921705
245 _aHere I am /
_cWalter J. Limbacher
260 _aOhio :
_bGeo A. Pflawn Pub.,
_c1969.
300 _a82 p. :
_bill. ;
_c23 cm.
650 _aPersonality
_xstudy and teaching (Elementary).
_921706
650 _a Psychology--
_xstudy and teaching ( Elementary).
_921707
942 _2lcc
_cBK-GS
999 _c12118
_d12118